Statistics for Biggest 'G' Cities by Country

Click here to take the quiz!

General Stats

  • This quiz has been taken 186 times
    (116 since last reset)
  • The average score is 12 of 20

Answer Stats

PopulationCountryCity% Correct
13,080,500ChinaGuangzhou
94%
197,376SwitzerlandGeneva
91%
1,495,189MexicoGuadalajara
89%
544,285SwedenGothenburg
87%
461 489PolandGdańsk
83%
599,650United KingdomGlasgow
82%
235,017GuyanaGeorgetown
81%
3,628,062EgyptGiza
79%
248,242BelgiumGhent
76%
269,997AustriaGraz
72%
591,473AustraliaGold Coast
46%
197,823NetherlandsGroningen
46%
210,407CubaGuantánamo
42%
279,639United StatesGreensboro
40%
588,688ItalyGenova
34%
1,477,780South KoreaGwangju
30%
128,902HungaryGyőr
29%
231,626BotswanaGabarone
27%
276,473SpainGijón
21%
86,633MaliGao
16%

Score Distribution

Percentile by Number Answered

Percent of People with Each Score

Your Score History

You have not taken this quiz since the last reset